MARC details
| 000 -LEADER |
| fixed length control field |
01899cam a2200397 a 4500 |
| 005 - DATE AND TIME OF LATEST TRANSACTION |
| control field |
20240116091054.0 |
| 020 ## - INTERNATIONAL STANDARD BOOK NUMBER |
| International Standard Book Number |
9780545425186 (pbk.) |
| 020 ## - INTERNATIONAL STANDARD BOOK NUMBER |
| International Standard Book Number |
0545425182 |
| 040 ## - CATALOGING SOURCE |
| Original cataloging agency |
BTCTA |
| Language of cataloging |
eng |
| Transcribing agency |
BTCTA |
| Modifying agency |
BDX |
| -- |
CLE |
| -- |
JHY |
| -- |
MCW |
| -- |
DLC |
| 050 00 - LIBRARY OF CONGRESS CALL NUMBER |
| Classification number |
CT3260 |
| Item number |
.W58 2012 |
| 082 04 - DEWEY DECIMAL CLASSIFICATION NUMBER |
| Classification number |
920 |
| 100 1# - MAIN ENTRY--PERSONAL NAME |
| Personal name |
Wishinsky, Frieda |
| 245 10 - TITLE STATEMENT |
| Title |
Freedom heroines : |
| Remainder of title |
Susan B. Anthony, Elizabeth Cady Stanton, Jane Addams, Ida B. Wells, Alice Paul, Rosa Parks / |
| Statement of responsibility, etc. |
by Frieda Wishinsky. |
| 250 ## - EDITION STATEMENT |
| Edition statement |
First edition, December 2012 |
| 260 ## - PUBLICATION, DISTRIBUTION, ETC. |
| Place of publication, distribution, etc. |
New York : |
| Name of publisher, distributor, etc. |
Scholastic, |
| Date of publication, distribution, etc. |
2012 |
| 300 ## - PHYSICAL DESCRIPTION |
| Extent |
144 pages : |
| Other physical details |
illustrations ; |
| Dimensions |
20 cm |
| 490 1# - SERIES STATEMENT |
| Series statement |
Profiles. One movement, six bios |
| 500 ## - GENERAL NOTE |
| General note |
Series information from cover. |
| 500 ## - GENERAL NOTE |
| General note |
"Profiles. One event, six bios"--T.p. |
| 505 ## - FORMATTED CONTENTS NOTE |
| Formatted contents note |
Z |
| 520 ## - SUMMARY, ETC. |
| Summary, etc. |
Profiles is so much more than just your typical biography series. The next book in this six-in-one, full-color bio series will focus on Civil Champions--some of the incredible women who worked tirelessly to ensure equal rights for all. Kids will learn all of the biographical information they need to know--background, family, education, accomplishments, etc., about: Susan B. Anthony, Elizabeth Cady Stanton, Ida B. Wells, Alice Paul, Rosa Parks, and Jane Addams. |
| 521 ## - TARGET AUDIENCE NOTE |
| Target audience note |
970 |
| Source |
Lexile |
| 521 ## - TARGET AUDIENCE NOTE |
| Target audience note |
Z |
| Source |
Raz-Plus |
| 650 #0 - SUBJECT ADDED ENTRY--TOPICAL TERM |
| Topical term or geographic name entry element |
Feminists |
| Geographic subdivision |
United States |
| Form subdivision |
Biography |
| -- |
Juvenile literature. |
| 650 #0 - SUBJECT ADDED ENTRY--TOPICAL TERM |
| Topical term or geographic name entry element |
Suffragists |
| Geographic subdivision |
United States |
| Form subdivision |
Biography |
| -- |
Juvenile literature. |
| 650 #0 - SUBJECT ADDED ENTRY--TOPICAL TERM |
| Topical term or geographic name entry element |
African American women civil rights workers |
| Form subdivision |
Biography |
| -- |
Juvenile literature. |
| 650 #0 - SUBJECT ADDED ENTRY--TOPICAL TERM |
| Topical term or geographic name entry element |
Civil rights workers |
| Geographic subdivision |
United States |
| Form subdivision |
Biography |
| -- |
Juvenile literature. |
| 650 #1 - SUBJECT ADDED ENTRY--TOPICAL TERM |
| Topical term or geographic name entry element |
Feminists. |
| 650 #1 - SUBJECT ADDED ENTRY--TOPICAL TERM |
| Topical term or geographic name entry element |
Suffragists. |
| 650 #1 - SUBJECT ADDED ENTRY--TOPICAL TERM |
| Topical term or geographic name entry element |
Civil rights workers. |
| 650 #1 - SUBJECT ADDED ENTRY--TOPICAL TERM |
| Topical term or geographic name entry element |
Women |
| Form subdivision |
Biography. |
| 650 #1 - SUBJECT ADDED ENTRY--TOPICAL TERM |
| Topical term or geographic name entry element |
African Americans |
| Form subdivision |
Biography. |
| 906 ## - LOCAL DATA ELEMENT F, LDF (RLIN) |
| a |
7 |
| b |
cbc |
| c |
copycat |
| d |
2 |
| e |
ncip |
| f |
20 |
| g |
y-gencatlg |
| 942 ## - ADDED ENTRY ELEMENTS (KOHA) |
| Source of classification or shelving scheme |
Dewey Decimal Classification |
| Koha item type |
Books |
| Suppress in OPAC |
No |
| 999 ## - |
| -- |
2807 |
| -- |
2807 |